000 00452cam a22001097a 4500
008 180718b xxu||||| |||| 00| 0 eng d
082 _aZ212x5 In2b
245 _aBrochure on development of local manurial resources
_cby Ministry of Food, Agriculture, Department of Agriculture,India
260 _aDelhi
_bMinistry of Food, Agriculture, Department of Agriculture
_c
300 _a29+p.
700 _aIndia. Department of Agriculture. Ministry of Food, Agriculture
999 _c499421
_d499421